[Event "Hilversum op"]
[Site "Hilversum"]
[Date "2016.06.18"]
[Round "3"]
[White "Pruijssers, Roeland"]
[Black "Ketzetzis, Georgios"]
[Result "1-0"]
[WhiteElo "2465"]
[BlackElo "2326"]
[PlyCount "59"]
[EventDate "2016.06.17"]
[EventType "swiss"]
[EventRounds "6"]
[EventCountry "NED"]
[SourceTitle "CBM 173 Extra"]
[Source "ChessBase"]
[SourceDate "2016.08.29"]
[SourceVersion "1"]
[SourceVersionDate "2016.08.29"]
[SourceQuality "1"]

1. e4 c5 2. Nf3 Nc6 3. Bb5 Nf6 4. Bxc6 dxc6 5. d3 Qc7 6. 0-0 e5 7. a4 h6 8. a5 Be6 9. b3 0-0-0 10. Qe1 g5 11. Nc3 Be7 12. Na4 g4 13. Nh4 Nh5 14. Nf5 Bxf5 15. exf5 Bd6 16. g3 Qd7 17. Be3 Qxf5 18. Bxc5 Kb8 19. Qb4 Bxc5 20. Nxc5 Qc8 21. f3 Rhg8 22. Qe4 Ka8 23. fxg4 Rxg4 24. Qf5 Nf4 25. Qxc8+ Rxc8 26. Kh1 Ne6 27. Nxe6 fxe6 28. Rf6 e4 29. Ra4 Rd8 30. Rd4 1-0

[Event "Veliko Gradiste Silver Lake op-A"]
[Site "Veliko Gradiste"]
[Date "2015.06.28"]
[Round "9"]
[White "Savic, Miodrag R"]
[Black "Ketzetzis, Georgios"]
[Result "1/2-1/2"]
[WhiteElo "2509"]
[BlackElo "2253"]
[PlyCount "25"]
[EventDate "2015.06.20"]
[EventType "swiss"]
[EventRounds "9"]
[EventCountry "SRB"]
[SourceTitle "CBM 167 Extra"]
[Source "ChessBase"]
[SourceDate "2015.09.14"]
[SourceVersion "1"]
[SourceVersionDate "2015.09.14"]
[SourceQuality "1"]

1. e4 c6 2. d4 d5 3. e5 a6 4. Be2 c5 5. c3 Nc6 6. h3 Bf5 7. Nf3 e6 8. 0-0 Nge7 9. Be3 Be4 10. Nbd2 Nf5 11. Nb3 cxd4 12. cxd4 Nb4 13. Ne1 1/2-1/2

[Event "Veliko Gradiste Silver Lake op-A"]
[Site "Veliko Gradiste"]
[Date "2015.06.26"]
[Round "7"]
[White "Gazik, Viktor"]
[Black "Ketzetzis, Georgios"]
[Result "0-1"]
[WhiteElo "2452"]
[BlackElo "2253"]
[PlyCount "56"]
[EventDate "2015.06.20"]
[EventType "swiss"]
[EventRounds "9"]
[EventCountry "SRB"]
[SourceTitle "CBM 167 Extra"]
[Source "ChessBase"]
[SourceDate "2015.09.14"]
[SourceVersion "1"]
[SourceVersionDate "2015.09.14"]
[SourceQuality "1"]

1. c4 c6 2. Nc3 d5 3. d4 dxc4 4. e4 b5 5. a4 b4 6. Na2 Nf6 7. e5 Nd5 8. Bxc4 e6 9. Nf3 Nd7 10. Bg5 Be7 11. Bxe7 Qxe7 12. a5 0-0 13. Nc1 c5 14. Nb3 Bb7 15. 0-0 Rac8 16. Rc1 Rfd8 17. Bb5 Nf4 18. Bxd7 Rxd7 19. Nxc5 Rxd4 20. Nxb7 Rxc1 21. Qxc1 Ne2+ 22. Kh1 Nxc1 23. Rxc1 Qxb7 24. Nxd4 h5 25. Rc6 Qd7 26. Rd6 Qa4 27. h3 Qa1+ 28. Kh2 Qxb2 0-1

[Event "Veliko Gradiste Silver Lake op-A"]
[Site "Veliko Gradiste"]
[Date "2015.06.22"]
[Round "3"]
[White "Ketzetzis, Georgios"]
[Black "Cvetanovic, Uros"]
[Result "1-0"]
[WhiteElo "2253"]
[BlackElo "2291"]
[PlyCount "99"]
[EventDate "2015.06.20"]
[EventType "swiss"]
[EventRounds "9"]
[EventCountry "SRB"]
[SourceTitle "CBM 167 Extra"]
[Source "ChessBase"]
[SourceDate "2015.09.14"]
[SourceVersion "1"]
[SourceVersionDate "2015.09.14"]
[SourceQuality "1"]

1. e4 c5 2. Nf3 e6 3. d3 Nc6 4. g3 g6 5. Bg2 Bg7 6. h4 h6 7. c3 Nf6 8. 0-0 d6 9. Re1 Ng4 10. d4 cxd4 11. cxd4 e5 12. dxe5 Qb6 13. Qe2 dxe5 14. Nc3 0-0 15. Nd5 Qc5 16. b4 Nxb4 17. Ba3 a5 18. Rac1 Qa7 19. Ne7+ Kh8 20. Nxc8 Raxc8 21. Bh3 Rxc1 22. Rxc1 Nxf2 23. Qxf2 Qxf2+ 24. Kxf2 Nd3+ 25. Ke3 Nxc1 26. Bxc1 b5 27. Bb2 f6 28. Bd7 Rb8 29. g4 g5 30. h5 a4 31. Ne1 Bf8 32. Nd3 a3 33. Bc1 Kg7 34. Bd2 Be7 35. Ke2 Rb7 36. Be6 Rc7 37. Kd1 Bd6 38. Bd5 Rc8 39. Nb4 Rc7 40. Nc6 Rd7 41. Kc2 Bc5 42. Kb3 Bd6 43. Ba5 f5 44. Be6 Rb7 45. exf5 e4 46. Bc3+ Kf8 47. Bd4 Bf4 48. f6 e3 49. Bc5+ Ke8 50. Ne7 1-0

[Event "Veliko Gradiste Silver Lake op-A"]
[Site "Veliko Gradiste"]
[Date "2015.06.21"]
[Round "2"]
[White "Nestorovic, Dejan"]
[Black "Ketzetzis, Georgios"]
[Result "1-0"]
[WhiteElo "2425"]
[BlackElo "2253"]
[PlyCount "95"]
[EventDate "2015.06.20"]
[EventType "swiss"]
[EventRounds "9"]
[EventCountry "SRB"]
[SourceTitle "CBM 167 Extra"]
[Source "ChessBase"]
[SourceDate "2015.09.14"]
[SourceVersion "1"]
[SourceVersionDate "2015.09.14"]
[SourceQuality "1"]

1. d4 d5 2. c4 c6 3. Nf3 e6 4. Qc2 dxc4 5. Qxc4 Nf6 6. g3 b5 7. Qc2 Bb7 8. Bg2 Nbd7 9. a4 c5 10. 0-0 Rc8 11. axb5 cxd4 12. Qd1 e5 13. e3 d3 14. Nc3 Qb6 15. e4 Nxe4 16. Nxe4 Bxe4 17. Nxe5 Bxg2 18. Re1 Nxe5 19. Rxe5+ Be7 20. Kxg2 Rd8 21. Bd2 Qb7+ 22. Qf3 Qxf3+ 23. Kxf3 Rd7 24. Bb4 Kd8 25. Bxe7+ Rxe7 26. Rxe7 Kxe7 27. Rxa7+ Ke6 28. Ke3 Rb8 29. Ra5 Rd8 30. Kd2 Rd5 31. b4 Rd4 32. Ra6+ Kd5 33. Ra7 Ke6 34. Ra4 g6 35. b6 Kd6 36. Ra7 Rxb4 37. Rxf7 Rb3 38. b7 h5 39. Rf6+ Ke5 40. Rxg6 Ke4 41. Re6+ Kf3 42. Rf6+ Kg2 43. h4 Rxb7 44. Kxd3 Rb2 45. Ke3 Rb3+ 46. Ke4 Rb2 47. Rf4 Rb5 48. Rf5 1-0

[Event "Kavala op 23rd"]
[Site "Kavala"]
[Date "2014.08.03"]
[Round "2"]
[White "Pavlidis, Antonios"]
[Black "Ketzetzis, Georgios"]
[Result "1-0"]
[WhiteElo "2521"]
[BlackElo "2249"]
[PlyCount "41"]
[EventDate "2014.08.02"]
[EventType "swiss"]
[EventRounds "9"]
[EventCountry "GRE"]
[SourceTitle "CBM 161 Extra"]
[Source "ChessBase"]
[SourceDate "2014.08.29"]
[SourceVersion "1"]
[SourceVersionDate "2014.08.29"]
[SourceQuality "1"]

1. c4 c6 2. Nf3 d5 3. e3 Nf6 4. Nc3 Nbd7 5. Qc2 a6 6. d4 b5 7. b3 g6 8. Be2 Bg7 9. 0-0 0-0 10. Bb2 Re8 11. Rac1 Bb7 12. Rfd1 Qb8 13. Ne5 Nxe5 14. dxe5 Nd7 15. cxd5 Nxe5 16. a4 b4 17. dxc6 Bxc6 18. Ne4 Rc8 19. Qb1 Ra7 20. Bd4 Ra8 21. Nc5 1-0

[Event "SRB Central-ch op-A 7th"]
[Site "Paracin"]
[Date "2014.07.10"]
[Round "8"]
[White "Sarenac, David"]
[Black "Ketzetzis, Georgios"]
[Result "0-1"]
[WhiteElo "2304"]
[BlackElo "2225"]
[PlyCount "98"]
[EventDate "2014.07.04"]
[EventType "swiss"]
[EventRounds "9"]
[EventCountry "SRB"]
[SourceTitle "CBM 161 Extra"]
[Source "ChessBase"]
[SourceDate "2014.08.29"]
[SourceVersion "1"]
[SourceVersionDate "2014.08.29"]
[SourceQuality "1"]

1. e4 e6 2. d4 d5 3. Nc3 Bb4 4. e5 c5 5. a3 Bxc3+ 6. bxc3 Qa5 7. Bd2 Qa4 8. Qb1 c4 9. Nf3 Nc6 10. Ng5 Nge7 11. Be2 Bd7 12. 0-0 h6 13. Nh3 0-0-0 14. Nf4 g6 15. Qb2 Kb8 16. Rae1 Ka8 17. Bf3 Rc8 18. g3 Rc7 19. h4 Nf5 20. Kg2 a6 21. Rh1 Na7 22. g4 Ne7 23. Ra1 Nb5 24. Ne2 Nc8 25. Rhb1 Ne7 26. Qc1 h5 27. gxh5 Nf5 28. Bg5 gxh5 29. Bf6 Rh6 30. Rb4 Qa5 31. Bd8 Rg6+ 32. Kh3 Rg8 33. Bxc7 Qxc7 34. Rab1 f6 35. Qf4 fxe5 36. dxe5 Qc5 37. Bxh5 Rh8 38. Ng3 Nxc3 39. Nxf5 exf5 40. Rf1 Rxh5 41. Qf3 f4+ 42. Kg2 Rxh4 43. Qxc3 Qc8 44. Rh1 Qg8+ 45. Qg3 Rg4 46. Qxg4 Qxg4+ 47. Kf1 Qd1+ 48. Kg2 f3+ 49. Kh2 Qd4 0-1

[Event "SRB Central-ch op-A 7th"]
[Site "Paracin"]
[Date "2014.07.05"]
[Round "2"]
[White "Tomic, Aleksandar"]
[Black "Ketzetzis, Georgios"]
[Result "0-1"]
[WhiteElo "2019"]
[BlackElo "2225"]
[PlyCount "60"]
[EventDate "2014.07.04"]
[EventType "swiss"]
[EventRounds "9"]
[EventCountry "SRB"]
[SourceTitle "CBM 161 Extra"]
[Source "ChessBase"]
[SourceDate "2014.08.29"]
[SourceVersion "1"]
[SourceVersionDate "2014.08.29"]
[SourceQuality "1"]

1. d4 d5 2. Nf3 Nf6 3. Bf4 c5 4. c3 Qb6 5. Qb3 Nc6 6. e3 c4 7. Qc2 Bf5 8. Qc1 Nh5 9. Nbd2 f6 10. Bg3 e5 11. dxe5 Nxg3 12. hxg3 fxe5 13. Nh4 Be6 14. Ndf3 Bf7 15. Ng5 Qc7 16. Qc2 e4 17. 0-0-0 0-0-0 18. f4 g6 19. Be2 h5 20. Rde1 Bc5 21. Bd1 Kb8 22. Kb1 Rd6 23. g4 hxg4 24. Bxg4 Bg8 25. g3 Qa5 26. Rd1 Ne7 27. Nxe4 dxe4 28. Rxd6 Bxd6 29. Qxe4 g5 30. Qd4 Qd5 0-1

[Event "Thessaloniki Triandria 7th A"]
[Site "Thessaloniki"]
[Date "2014.04.27"]
[Round "7"]
[White "Veleski, Robert"]
[Black "Ketzetzis, Georgios"]
[Result "1-0"]
[WhiteElo "2243"]
[BlackElo "2213"]
[PlyCount "61"]
[EventDate "2014.04.22"]
[EventType "swiss"]
[EventRounds "7"]
[EventCountry "GRE"]
[SourceTitle "EXT 2024"]
[Source "ChessBase"]
[SourceDate "2023.10.10"]
[SourceVersion "1"]
[SourceVersionDate "2023.10.10"]
[SourceQuality "1"]

1. c4 e5 2. Nc3 Nf6 3. g3 g6 4. Bg2 Bg7 5. d3 0-0 6. e3 Re8 7. Nge2 c6 8. e4 d6 9. 0-0 a6 10. a4 a5 11. h3 Na6 12. Kh2 Nb4 13. f4 h5 14. d4 exd4 15. Nxd4 Bg4 16. hxg4 Nxg4+ 17. Kh1 Bxd4 18. Qxd4 Nc2 19. Qd1 Nxa1 20. Bd2 Kg7 21. Bf3 Qd7 22. Bxg4 hxg4 23. Kg2 b5 24. axb5 cxb5 25. Qxa1 bxc4 26. Nd5 f6 27. Re1 Re6 28. Bc3 Qc6 29. Qd1 Qc5 30. Qxg4 Rae8 31. f5 1-0

[Event "Thessaloniki Triandria 7th A"]
[Site "Thessaloniki"]
[Date "2014.04.26"]
[Round "6"]
[White "Ketzetzis, Georgios"]
[Black "Argiroudis, Stamatis"]
[Result "0-1"]
[WhiteElo "2213"]
[BlackElo "2282"]
[PlyCount "94"]
[EventDate "2014.04.22"]
[EventType "swiss"]
[EventRounds "7"]
[EventCountry "GRE"]
[SourceTitle "EXT 2024"]
[Source "ChessBase"]
[SourceDate "2023.10.10"]
[SourceVersion "1"]
[SourceVersionDate "2023.10.10"]
[SourceQuality "1"]

1. e4 c6 2. d4 d5 3. Nd2 g6 4. g3 Bg7 5. c3 dxe4 6. Nxe4 Nd7 7. Qe2 Ndf6 8. Nc5 Nd5 9. Bg2 Ngf6 10. c4 Nc7 11. Nf3 0-0 12. 0-0 a5 13. Rd1 Na6 14. Bf4 Nxc5 15. dxc5 Qe8 16. Re1 Nh5 17. Be5 Bxe5 18. Qxe5 Be6 19. Rac1 Ng7 20. Nd4 Rd8 21. Nxe6 Nxe6 22. Bh3 Nd4 23. Kg2 e6 24. Rc3 Qe7 25. Rcc1 Rfe8 26. Rcd1 f6 27. Qe3 e5 28. Rd2 Qxc5 29. b3 Kg7 30. Qc3 Qb4 31. Qxb4 axb4 32. Red1 c5 33. Kf1 f5 34. Bg2 e4 35. Bh1 Kf6 36. Bg2 Re6 37. Bh1 Red6 38. Bg2 g5 39. Bh1 g4 40. Bg2 Ke5 41. Bh1 Ra8 42. Rb1 Rad8 43. Rbd1 h5 44. h3 Nb5 45. Rxd6 Rxd6 46. Rc1 Nc3 47. a3 bxa3 0-1

[Event "Thessaloniki Triandria 7th A"]
[Site "Thessaloniki"]
[Date "2014.04.23"]
[Round "2"]
[White "Sideris, Georgios"]
[Black "Ketzetzis, Georgios"]
[Result "0-1"]
[WhiteElo "1955"]
[BlackElo "2213"]
[PlyCount "132"]
[EventDate "2014.04.22"]
[EventType "swiss"]
[EventRounds "7"]
[EventCountry "GRE"]
[SourceTitle "EXT 2024"]
[Source "ChessBase"]
[SourceDate "2023.10.10"]
[SourceVersion "1"]
[SourceVersionDate "2023.10.10"]
[SourceQuality "1"]

1. d4 Nf6 2. Nf3 g6 3. e3 c5 4. dxc5 Qa5+ 5. Nc3 Bg7 6. Qd4 Nc6 7. Qc4 Ne4 8. Bd2 Nxd2 9. Nxd2 b5 10. cxb6 Qxb6 11. Nb3 Bb7 12. 0-0-0 0-0 13. Qb5 Bxc3 14. bxc3 d6 15. h4 Rfc8 16. h5 Qxb5 17. Bxb5 Ne5 18. hxg6 hxg6 19. f3 Rxc3 20. e4 a5 21. Kb2 Rc7 22. Rd4 Rb8 23. a4 Bc6 24. c4 Bd7 25. Nxa5 Ra7 26. Nb3 Rxa4 27. Bxa4 Bxa4 28. Ka3 Bxb3 29. Rb1 Nc6 30. Rd3 Bxc4 31. Rxb8+ Nxb8 32. Rd4 Be6 33. Rb4 Nd7 34. Rb1 Kg7 35. Kb4 g5 36. Kc3 Kf6 37. Kd4 Ne5 38. Rf1 Nc6+ 39. Ke3 Ke5 40. Rc1 Bd7 41. g3 f5 42. f4+ gxf4+ 43. gxf4+ Kf6 44. Rc3 fxe4 45. Kxe4 Bf5+ 46. Ke3 Nb4 47. Kf3 Be6 48. Ra3 Kf5 49. Ra5+ Bd5+ 50. Ke3 e5 51. Rb5 Nc2+ 52. Kd2 Be4 53. fxe5 dxe5 54. Rb8 Kf4 55. Rf8+ Bf5 56. Rf7 Nd4 57. Rf8 e4 58. Rf7 e3+ 59. Ke1 Ke4 60. Re7+ Kd3 61. Re8 Be4 62. Rd8 Bc6 63. Rd6 Ke4 64. Rh6 Nf3+ 65. Kd1 Ba4+ 66. Ke2 Bb5+ 0-1

[Event "Skopje Karposh op"]
[Site "Skopje"]
[Date "2014.03.30"]
[Round "3"]
[White "Granda Zuniga, Julio E"]
[Black "Ketzetzis, Georgios"]
[Result "1-0"]
[WhiteElo "2680"]
[BlackElo "2183"]
[PlyCount "45"]
[EventDate "2014.03.29"]
[EventType "swiss"]
[EventRounds "9"]
[EventCountry "MKD"]
[SourceTitle "CBM 159 Extra"]
[Source "ChessBase"]
[SourceDate "2014.04.24"]
[SourceVersion "1"]
[SourceVersionDate "2014.04.24"]
[SourceQuality "1"]

1. e4 c5 2. Nc3 g6 3. g3 Bg7 4. Bg2 e5 5. d3 Ne7 6. h4 0-0 7. h5 b6 8. hxg6 fxg6 9. Bg5 Rf7 10. Qg4 Nbc6 11. Qh4 Bh8 12. 0-0-0 b5 13. Nd5 Qf8 14. f4 exf4 15. Nxe7+ Nxe7 16. gxf4 Bb7 17. Nf3 d6 18. Bh3 Bc8 19. Rdg1 Qg7 20. e5 Nf5 21. Bxf5 Bxf5 22. Bf6 Qf8 23. Ng5 1-0

[Event "Sykies-A 1st"]
[Site "Sykies"]
[Date "2014.03.08"]
[Round "5"]
[White "Exizoglou, Dimitrios"]
[Black "Ketzetzis, Georgios"]
[Result "0-1"]
[WhiteElo "2183"]
[BlackElo "2183"]
[PlyCount "54"]
[EventDate "2014.02.21"]
[EventType "tourn"]
[EventRounds "9"]
[EventCountry "GRE"]
[SourceTitle "EXT 2015"]
[Source "ChessBase"]
[SourceDate "2014.11.20"]
[SourceVersion "1"]
[SourceVersionDate "2014.11.20"]
[SourceQuality "1"]

1. e4 c5 2. Nf3 d6 3. d4 cxd4 4. Nxd4 Nf6 5. Nc3 g6 6. Be3 Bg7 7. f3 Nc6 8. Qd2 0-0 9. Bc4 Bd7 10. Bb3 Qa5 11. 0-0 Rac8 12. Nxc6 bxc6 13. Rad1 Qb4 14. e5 dxe5 15. Ne4 Qxd2 16. Rxd2 Rc7 17. Rfd1 Bc8 18. Bc5 Nd5 19. Bxd5 cxd5 20. Rxd5 f5 21. Nc3 Be6 22. Nb5 Rb7 23. Bxa7 Bxd5 24. Rxd5 Rc8 25. a4 Rxc2 26. b4 Ra2 27. a5 Bh6 0-1

[Event "Sykies-A 1st"]
[Site "Sykies"]
[Date "2014.03.01"]
[Round "3"]
[White "Kesidis, Odyseas"]
[Black "Ketzetzis, Georgios"]
[Result "1/2-1/2"]
[WhiteElo "2154"]
[BlackElo "2183"]
[PlyCount "74"]
[EventDate "2014.02.21"]
[EventType "tourn"]
[EventRounds "9"]
[EventCountry "GRE"]
[SourceTitle "EXT 2015"]
[Source "ChessBase"]
[SourceDate "2014.11.20"]
[SourceVersion "1"]
[SourceVersionDate "2014.11.20"]
[SourceQuality "1"]

1. e4 c5 2. c3 Nf6 3. e5 Nd5 4. d4 cxd4 5. Nf3 d6 6. cxd4 e6 7. Bc4 Be7 8. 0-0 0-0 9. Qe2 b6 10. Bd3 Bb7 11. Qe4 g6 12. Bh6 Re8 13. Nc3 Nd7 14. exd6 Bxd6 15. Bg5 Be7 16. Bxe7 Qxe7 17. Nxd5 Bxd5 18. Qe3 Bxf3 19. Qxf3 Nf6 20. Rac1 Rad8 21. Bb5 Rf8 22. Rc4 Rd5 23. Bc6 Ra5 24. a3 Rf5 25. Qc3 Rd8 26. Bf3 Nd5 27. Qb3 Kg7 28. Rfc1 Qf6 29. R1c2 Rf4 30. Rd2 Ne7 31. Qc3 Nf5 32. d5 Qxc3 33. Rxc3 Kf6 34. g3 Rd4 35. Rxd4 Nxd4 36. dxe6 Kxe6 37. Kg2 Nxf3 1/2-1/2

[Event "Sykies-A 1st"]
[Site "Sykies"]
[Date "2014.02.21"]
[Round "1"]
[White "Vragoteris, Antonios"]
[Black "Ketzetzis, Georgios"]
[Result "1-0"]
[WhiteElo "2254"]
[BlackElo "2183"]
[PlyCount "93"]
[EventDate "2014.02.21"]
[EventType "tourn"]
[EventRounds "9"]
[EventCountry "GRE"]
[SourceTitle "EXT 2015"]
[Source "ChessBase"]
[SourceDate "2014.11.20"]
[SourceVersion "1"]
[SourceVersionDate "2014.11.20"]
[SourceQuality "1"]

1. e4 d5 2. exd5 Qxd5 3. Nc3 Qd6 4. d4 Nf6 5. Bc4 a6 6. Nf3 e6 7. 0-0 b5 8. Bb3 Nbd7 9. Re1 Be7 10. Ng5 Nb6 11. Nce4 Nxe4 12. Nxe4 Qd8 13. Qh5 0-0 14. c3 Nd5 15. Bc2 g6 16. Qh6 Bb7 17. Ng5 Bxg5 18. Bxg5 Qd6 19. h4 f6 20. Bd2 Rf7 21. Re2 Re8 22. Rae1 Rg7 23. Bc1 Nb6 24. f3 Nd5 25. a4 Ree7 26. axb5 axb5 27. Bd2 Qb6 28. Kh1 Qd6 29. Be4 Bc6 30. b3 Rgf7 31. c4 f5 32. Bxd5 exd5 33. Bf4 Rxe2 34. Rxe2 Qa3 35. cxd5 Qxb3 36. Re5 Bd7 37. h5 Qd1+ 38. Kh2 Qxd4 39. Qg5 Qb4 40. Kg3 Qf8 41. Kh2 Qb4 42. Re3 Qd4 43. Be5 Qxd5 44. hxg6 hxg6 45. Qxg6+ Kf8 46. Qh6+ Ke8 47. Bxc7+ 1-0

[Event "Kavala op-A 21st"]
[Site "Kavala"]
[Date "2012.07.30"]
[Round "7"]
[White "Ketzetzis, Georgios"]
[Black "Stojanovic, Andjelija"]
[Result "1/2-1/2"]
[WhiteElo "2165"]
[BlackElo "2290"]
[PlyCount "93"]
[EventDate "2012.07.25"]
[EventType "swiss"]
[EventRounds "9"]
[EventCountry "GRE"]
[SourceTitle "CBM 149 Extra"]
[Source "ChessBase"]
[SourceDate "2012.08.24"]
[SourceVersion "1"]
[SourceVersionDate "2012.08.24"]
[SourceQuality "1"]

1. e4 d6 2. d4 Nf6 3. Nc3 g6 4. f4 Bg7 5. Nf3 0-0 6. Bd3 Na6 7. 0-0 c5 8. d5 Bg4 9. a3 Nc7 10. Qe1 e6 11. dxe6 Nxe6 12. f5 Bxf3 13. fxe6 Bg4 14. exf7+ Kh8 15. Bc4 Nd7 16. Qg3 Ne5 17. Bd5 Qd7 18. Bg5 Be6 19. Bxe6 Qxe6 20. Nd5 Rxf7 21. Rxf7 Qxf7 22. Rf1 Qd7 23. Nf6 Qe7 24. Qh4 h5 25. h3 Rf8 26. g4 Nd7 27. gxh5 Rxf6 28. hxg6+ Kg8 29. Bxf6 Nxf6 30. Rf4 b5 31. c3 a5 32. Qg5 b4 33. cxb4 axb4 34. a4 c4 35. a5 c3 36. bxc3 bxc3 37. Rf2 Qxe4 38. Rxf6 c2 39. Rxd6 Bd4+ 40. Rxd4 Qxd4+ 41. Kg2 Qe4+ 42. Kf2 Kg7 43. Qc1 Kxg6 44. a6 Kh5 45. a7 Qd4+ 46. Ke2 Qxa7 47. Qxc2 1/2-1/2

[Event "Kavala op-A 21st"]
[Site "Kavala"]
[Date "2012.07.29"]
[Round "6"]
[White "Zawadzka, Jolanta"]
[Black "Ketzetzis, Georgios"]
[Result "0-1"]
[WhiteElo "2359"]
[BlackElo "2165"]
[PlyCount "120"]
[EventDate "2012.07.25"]
[EventType "swiss"]
[EventRounds "9"]
[EventCountry "GRE"]
[SourceTitle "CBM 149 Extra"]
[Source "ChessBase"]
[SourceDate "2012.08.24"]
[SourceVersion "1"]
[SourceVersionDate "2012.08.24"]
[SourceQuality "1"]

1. e4 c6 2. d4 d5 3. e5 Bf5 4. Nf3 e6 5. Be2 Ne7 6. 0-0 Bg6 7. Nbd2 Nf5 8. Nb3 Nd7 9. a4 Bh5 10. a5 Bxf3 11. Bxf3 h5 12. Be2 a6 13. c4 dxc4 14. Bxc4 Be7 15. Be3 Bg5 16. Qe2 Qe7 17. Rac1 Rc8 18. Nd2 0-0 19. Bd3 g6 20. Nc4 Nxe3 21. fxe3 c5 22. Nd6 Rb8 23. Rc3 Qd8 24. Bc4 Kg7 25. Ne4 Be7 26. Ra1 Rc8 27. Bd3 Rc6 28. Nd2 Nb8 29. Nf3 cxd4 30. exd4 Rxc3 31. bxc3 Qc7 32. c4 Nc6 33. Kh1 Rd8 34. Qe4 Nxa5 35. d5 Nb3 36. d6 Bxd6 37. exd6 Qxd6 38. Rd1 Nc5 39. Qe3 Nxd3 40. Kg1 e5 41. Nxe5 Qe7 42. Rxd3 Rxd3 43. Qxd3 Qxe5 44. h3 h4 45. Qc2 b6 46. Qa4 Qd4+ 47. Kh1 b5 48. Qxa6 bxc4 49. Qa4 Kh7 50. Qb4 Qa1+ 51. Kh2 Qe5+ 52. Kh1 Qd4 53. Qf8 Qf6 54. Qc5 c3 55. Qc4 Kg7 56. Kg1 Qe5 57. Kf2 Qg3+ 58. Kf1 Qe3 59. Qc7 Qc1+ 60. Kf2 Qb2+ 0-1

[Event "Kavala op 20th"]
[Site "Kavala"]
[Date "2011.08.06"]
[Round "9"]
[White "Tchantcev, Chaliko"]
[Black "Ketzetzis, Georgios"]
[Result "1/2-1/2"]
[WhiteElo "2283"]
[BlackElo "2164"]
[PlyCount "67"]
[EventDate "2011.07.30"]
[EventType "swiss"]
[EventRounds "9"]
[EventCountry "GRE"]
[SourceTitle "CBM 143 Extra"]
[Source "ChessBase"]
[SourceDate "2011.08.29"]
[SourceVersion "1"]
[SourceVersionDate "2011.08.29"]
[SourceQuality "1"]

1. e4 c5 2. Nf3 Nc6 3. Bb5 Nf6 4. Nc3 Qc7 5. 0-0 a6 6. Bxc6 dxc6 7. d4 Bg4 8. dxc5 e6 9. Be3 Nd7 10. h3 Bxf3 11. Qxf3 Bxc5 12. Rad1 Bxe3 13. Qxe3 e5 14. Rd2 0-0 15. Rfd1 Rfd8 16. Na4 Nf8 17. Qb6 Qxb6 18. Nxb6 Rxd2 19. Rxd2 Rb8 20. c3 Ne6 21. b4 Rd8 22. Rxd8+ Nxd8 23. Nd7 f6 24. Nc5 Kf7 25. Kf1 Ke7 26. Ke2 Kd6 27. Kd3 a5 28. a3 b6 29. Na4 b5 30. Nc5 a4 31. g3 Ne6 32. Nxe6 Kxe6 33. f4 g5 34. f5+ 1/2-1/2

[Event "Wch U18"]
[Site "Porto Carras"]
[Date "2010.10.20"]
[Round "1"]
[White "Ketzetzis, Georgios"]
[Black "Firat, Burak"]
[Result "0-1"]
[WhiteElo "2178"]
[BlackElo "2424"]
[PlyCount "68"]
[EventDate "2010.10.20"]
[EventType "swiss"]
[EventRounds "11"]
[EventCountry "GRE"]
[SourceTitle "EXT 2011"]
[Source "ChessBase"]
[SourceDate "2010.11.26"]
[SourceVersion "1"]
[SourceVersionDate "2010.11.26"]
[SourceQuality "1"]

1. e4 e6 2. d4 d5 3. Nc3 Nf6 4. Bg5 Bb4 5. e5 h6 6. Bd2 Bxc3 7. bxc3 Ne4 8. Qg4 g6 9. Qf4 c5 10. Bd3 Nxd2 11. Qxd2 c4 12. Be2 Bd7 13. h4 Ba4 14. Nf3 Nd7 15. Rb1 Bc6 16. h5 g5 17. Nh2 f5 18. exf6 Qxf6 19. Qe3 0-0-0 20. Bg4 Rde8 21. 0-0 Re7 22. Rfe1 Rhe8 23. Nf3 Kc7 24. Kf1 Rf8 25. g3 Rfe8 26. Re2 e5 27. dxe5 Nxe5 28. Nxe5 Rxe5 29. Qxa7 Rxe2 30. Bxe2 Qf5 31. Rb6 Qh3+ 32. Ke1 Qe6 33. Rxc6+ Kxc6 34. Qa4+ Kc7 0-1

[Event "GRE-chT 37th"]
[Site "Kallithea"]
[Date "2009.07.05"]
[Round "2"]
[White "Ketzetzis, Georgios"]
[Black "Adamos, Thomas"]
[Result "1-0"]
[WhiteElo "2222"]
[BlackElo "1782"]
[PlyCount "69"]
[EventDate "2009.07.03"]
[EventType "team-tourn"]
[EventRounds "9"]
[EventCountry "GRE"]
[SourceTitle "CBM 131 Extra"]
[Source "ChessBase"]
[SourceDate "2009.09.03"]
[SourceVersion "2"]
[SourceVersionDate "2009.09.16"]
[SourceQuality "1"]

1. e4 d5 2. exd5 Qxd5 3. Nc3 Qd6 4. d4 Nf6 5. Nf3 a6 6. g3 Bg4 7. Bg2 Nc6 8. 0-0 e6 9. h3 Bxf3 10. Qxf3 Rb8 11. Bf4 Qd7 12. Rad1 Bd6 13. d5 Ne5 14. Bxe5 Bxe5 15. Rfe1 Bd6 16. Ne4 Nxe4 17. dxe6 fxe6 18. Rxe4 Rf8 19. Qg4 Qf7 20. Qe2 e5 21. c4 Rd8 22. c5 Bxc5 23. Rxe5+ Be7 24. Re1 Rd7 25. Bxb7 Kd8 26. Bc6 Bd6 27. Re3 Re7 28. a4 a5 29. Qd2 Rxe3 30. Rxe3 Kc8 31. Rf3 Qc4 32. Rxf8+ Bxf8 33. Qd7+ Kb8 34. Qd8+ Ka7 35. Qxc7+ 1-0

[Event "EU-ch 10th"]
[Site "Budva"]
[Date "2009.03.17"]
[Round "11"]
[White "Kunin, Vitaly L"]
[Black "Ketzetzis, Georgios"]
[Result "1/2-1/2"]
[WhiteElo "2546"]
[BlackElo "2243"]
[PlyCount "125"]
[EventDate "2009.03.06"]
[EventType "swiss"]
[EventRounds "11"]
[EventCountry "MNE"]
[SourceTitle "CBM 130"]
[Source "ChessBase"]
[SourceDate "2009.05.20"]
[SourceVersion "1"]
[SourceVersionDate "2009.05.20"]
[SourceQuality "1"]

1. Nf3 Nf6 2. g3 e6 3. Bg2 b5 4. 0-0 Bb7 5. d3 Be7 6. Nbd2 d5 7. e4 dxe4 8. Ng5 Nbd7 9. Ngxe4 Qc8 10. a4 b4 11. a5 0-0 12. Re1 Rd8 13. Qe2 Rb8 14. Nc4 Ba6 15. Be3 Nxe4 16. Bxe4 Bxc4 17. dxc4 Qa6 18. Red1 Bf6 19. Bf4 Bxb2 20. Ra2 e5 21. Bg5 Bd4 22. Bxd8 Rxd8 23. Kg2 Nc5 24. Bf3 Rd6 25. Kf1 g6 26. Bd5 Rf6 27. f4 c6 28. Bf3 Ne6 29. Ra4 exf4 30. Rxb4 fxg3 31. hxg3 c5 32. Rb8+ Kg7 33. Kg2 Qd6 34. Ra8 h5 35. Qe4 Rf5 36. Qc6 Qe5 37. Qe4 Qd6 38. Qc6 Qe5 39. Qe4 Qc7 40. Qb7 Qxa5 41. Bd5 Rf2+ 42. Kh1 Qc3 43. Qb3 Rxc2 44. Qxc3 Rxc3 45. Rxa7 Ng5 46. Rf1 Rxg3 47. Bxf7 Nxf7 48. Rfxf7+ Kh6 49. Ra6 Rc3 50. Re7 Rxc4 51. Ree6 Rc1+ 52. Kh2 Rg1 53. Kh3 Rg4 54. Rac6 Rg1 55. Kh2 h4 56. Re4 Rg5 57. Rxh4+ Rh5 58. Kg3 Bf2+ 59. Kxf2 Rxh4 60. Rxc5 Rh5 61. Rc8 Ra5 62. Kg3 Kg5 63. Rc3 1/2-1/2